000 00830cam a2200217 a 4500
001 000006506
005 20200929153937.0
008 931216s1991 pn 000 0 spa d
040 _aDO-SdBNP
_bspa
_cDLC
_dBNPHU
082 _aP863.44
_bR658c,
100 1 _aRobinson, David
_qDavid Maurice Robinson,
_d1960-
_918045
245 1 0 _aEn las cosas del amor... /
_cDavid Robinson.
260 _a[Panamá] :
_bEditorial Mariano Arosemena :
_bInstituto Nacional de Cultura :
_bDirección Nacional de Extensión Cultural :
_bDepartamento de Letras,
_c1991.
300 _a73 p. ;
_c18 cm.
490 1 _aNuevas letras de Panamá
_v3
_aCuento
650 4 _aCuentos panameños
_918046
650 4 _aLiteratura panameña
_94261
830 0 _aNuevas letras de Panamá ;
_v3,
_pCuento.
_918047
910 _aCatalogación por copia / LC
049 _aBNGR
999 _c6297
_d6297